000 00262nam a2200109Ia 4500
008 190913s9999||||xx |||||||||||||| ||und||
100 _aPatrick Carey
245 0 _aCreating Web Pages with HTML
260 _aUK
_bPrentice Hall
_c1994
300 _a664
942 _cBK
999 _c8271
_d8271